Primer curso de lógica matemática /

El propósito de este libro es introducir al estudiante en el método deductivo de la Matemática moderna, pero se ha intentado escribirlo de manera que lo puedan utilizar los estudiantes con un margen de edad y habilidad muy amplio.Se ha insistido mucho a lo largo del texto en la importancia del probl...

Full description

Bibliographic Details
Main Author: Suppes, Patrick 1922
Other Authors: Hill, Shirley A.
Format: Libro
Language:Spanish
Published: Barcelona Reverté 2006
Subjects:
Online Access:

MARC

LEADER 00000cam a2200000 a 4500
001 017560
003 UAHC_CL
005 20170803121517.0
008 100810s2006 sp 000 spa
020 |a 9788429151503 
040 |a UAHC_CL  |c UAHC_CL  |d UAHC_CL 
082 0 4 |a 511.3  |b S959  |2 20 
100 1 |a Suppes, Patrick  |d 1922 
245 1 0 |a Primer curso de lógica matemática /  |c Patrick Suppes, Shirley Hill. 
246 2 |a Introducción a la lógica matemática 
260 |b Reverté  |a Barcelona  |c 2006 
300 |a ix, 278 p. 
520 |a El propósito de este libro es introducir al estudiante en el método deductivo de la Matemática moderna, pero se ha intentado escribirlo de manera que lo puedan utilizar los estudiantes con un margen de edad y habilidad muy amplio.Se ha insistido mucho a lo largo del texto en la importancia del problema de traducir a símbolos lógicos o matemáticos proposiciones enunciadas en lenguaje corriente, y se han agregado multitud de ejemplos y ejercicios. 
521 |a Lógica y conjuntos 
650 4 |a LOGICA MATEMATICA 
653 |a PEDAGOGIA EN MATEMATICAS 
658 |a Alemary, Oscar 
700 1 |a Hill, Shirley A. 
900 |a 511.3 SUP 
942 |c BK 
952 |0 0  |1 0  |4 0  |6 511_300000000000000_SUP  |7 0  |8 General  |9 35111  |a BC  |b BC  |c General  |d 2017-08-03  |l 0  |o 511.3 SUP  |p 1379668  |r 2026-01-13 00:00:00  |t 1  |w 2017-08-03  |y BK 
952 |0 0  |1 0  |4 0  |6 511_300000000000000_SUP  |7 0  |8 General  |9 35112  |a BC  |b BC  |c General  |d 2017-08-03  |l 0  |o 511.3 SUP  |p 1379669  |r 2026-01-13 00:00:00  |t 2  |w 2017-08-03  |y BK 
999 |c 17560  |d 17560